| 000 | 00561 a2200157 4500 | ||
|---|---|---|---|
| 003 | Nust | ||
| 005 | 20221221120906.0 | ||
| 040 | _cNust | ||
| 082 | _a160, ARN | ||
| 100 |
_aHamzeh Carr _9105516 |
||
| 245 |
_aThe Light og Asia _cHamzeh Carr |
||
| 260 |
_aNew yourk _bJohn Lane _c1926 |
||
| 300 | _axxii,176p; | ||
| 505 | _aBook the First (Page-1), Book the Second (Page-19), Book the Third (Page-39), Book the Fourth (Page-61), Book the Fifth (Page-83), Book the Sixth (Page-105), Book the Seventh (Page-133), Book the Eighth (Page-153). | ||
| 942 |
_2ddc _cBK |
||
| 999 |
_c193795 _d193795 |
||